Subdivision capitals closest to Smoljan (BG) - Statistics

General Stats
  • This quiz has been taken 9 times
  • The average score is 12 of 21
Answer Stats
Distance (km) Answer % Correct
2 63 Plovdiv
100%
11 167 Sofija
100%
16 181 Thessaloníki
100%
7 141 Blagoevgrad
50%
10 154 Edirne
50%
9 153 Gabrovo
50%
5 82 Haskovo
50%
15 180 Jambol
50%
18 182 Kjustendil
50%
4 78 Komotiní
50%
1 57 Krdžali
50%
13 173 Loveč
50%
3 74 Pazardžik
50%
14 178 Pernik
50%
20 204 Pleven
50%
17 182 Sliven
50%
6 122 Stara Zagora
50%
12 172 Strumica
50%
19 184 Veliko Trnovo
50%
20 204 Vraca
50%
8 152 Karyés
25%
No matching quizzes found
Score Distribution
Percent of People with Each Score
Percentile by Number Answered
Your Score History
You have not taken this quiz